000 00450nam a22001817a 4500
003 MPLRDC
005 20220104142940.0
008 210129b ||||| |||| 00| 0 eng d
082 _a528.2 LYX v.2
100 _a李岳勤译
245 _a如何使孩童喜欢学习. 下
_c
250 _a初版
260 _a
_b新企业世界出版社
_c1974
300 _b
490 _a企业世界致富丛书
650 _a
942 _cBK
_o528.2 LYX v.2
999 _c35186
_d35176